00733nam a2200181Ia 4500003000200000005001700002008004100019050003000060100003000090245012000120260008500240300003300325504004100358650003100399650003900430650003800469650004400507020250116143251.0161205s9999 xx 000 0 und d aPHS LB 2832.2b.R696 2015 aRodriguez, Leah Monica A. 4aThe relationship of the level of extraversion and work ethic of SISC high school teacherscLeah Monica A. Rodriguez aLas Piñas, Philippines :bSouthville International School and Colleges,c2015. aiii, 39 p. :bill. ;c28 cm. aIncludes bibliographical references. aExtraversion (Psychology). aWork ethicvPsychological aspects. aHigh school teachersvPsychology. aTeachersvProfessional characteristics.